Neil Young ~ My My, Hey Hey (Out of the Blue) - Statistics

General Stats
  • This quiz has been taken 76 times
    65 since last reset
  • The average score is 96 of 116
Answer Stats
Answer % Correct
hey
100%
Hey
100%
My
100%
my
100%
out
95%
Out
95%
to
95%
and
93%
And
93%
the
93%
The
93%
of
90%
rock
90%
Rock
90%
roll
90%
black
88%
blue
88%
is
88%
it
88%
than
88%
better
86%
here
86%
into
86%
stay
86%
away
83%
burn
83%
fade
83%
for
83%
It's
83%
never
83%
but
81%
die
81%
this
81%
This
81%
you
81%
story
76%
that
76%
gone
74%
Johnny
74%
can
71%
not
71%
Rotten
71%
They
69%
forgotten
67%
pay
67%
you're
67%
give
64%
king
64%
When
64%
back
62%
he's
57%
rust
57%
come
52%
once
50%
eye
45%
more
45%
picture
43%
meets
40%
There's
40%
No matching quizzes found
Score Distribution
Percent of People with Each Score
Percentile by Number Answered
Your Score History
You have not taken this quiz since the last reset